书目信息 |
| 题名: |
化工容器
|
|
| 作者: | 丁伯民 , 黄正林 编 | |
| 分册: | ||
| 出版信息: | 北京 化学工业出版社 2003.01 |
|
| 页数: | 376页 | |
| 开本: | 26cm | |
| 丛书名: | 化工设备设计全书 | |
| 单 册: | ||
| 中图分类: | TQ053.2 | |
| 科图分类: | ||
| 主题词: | 化工机械 , 化工设备 | |
| 电子资源: | ||
| ISBN: | 7-5025-3959-X | |
| 000 | 00687nam0 2200241 45 | |
| 001 | 0335671356 | |
| 005 | 2003090109543130 | |
| 010 | @a7-5025-3959-X@dCNY 48.00 | |
| 100 | @a20030901d2003 km y0chiy0120 ea | |
| 101 | 0 | @achi |
| 102 | @aCN@b110000 | |
| 200 | 1 | @a化工容器@AHua Gong Rong Qi@f丁伯民,黄正林编@Fding bo min,huang zheng lin bian |
| 210 | @a北京@c化学工业出版社@d2003.01 | |
| 215 | @a376页@d26cm | |
| 225 | 2 | @a化工设备设计全书 |
| 410 | 0 | @12001 @a化工设备设计全书 |
| 606 | 0 | @a化工机械 |
| 606 | 0 | @a化工设备 |
| 690 | @aTQ053.2@v3 | |
| 701 | 0 | @a丁伯民@Ading bo min@4编 |
| 701 | 0 | @a黄正林@Ahuang zheng lin@4编 |
| 801 | 0 | @aCN@bPFT@c20030901 |
| 905 | @a@dTQ053.2@eD514 | |
| 化工容器/丁伯民,黄正林编.-北京:化学工业出版社,2003.01 |
| 376页;26cm.-(化工设备设计全书) |
| ISBN 7-5025-3959-X:CNY 48.00 |
| ● |
| 相关链接 |
|
|
|
正题名:化工容器
索取号:TQ053.2/D514
 
预约/预借
| 序号 | 登录号 | 条形码 | 馆藏地/架位号 | 状态 | 备注 |
| 1 | 372449 | 203724498 | 自科库501/501自科库 138排6列2层/ [索取号:TQ053.2/D514] | 在馆 | |
| 2 | 372450 | 203724504 | 期刊室512/501自科库 138排6列2层/ [索取号:TQ053.2/D514] | 在馆 |